Karasevdam Türkiye (Record no. 9938)

MARC details
000 -BAŞLIK
Sabit Uzunlukta Kontrol Alanı 00832na a2200265 4500
001 - KONTROL NUMARASI
Denetim Alanı 23755
003 - KONTROL NUMARASI IDENTIFIER
Denetim Alanı MIRAKIL
005 - SON İŞLEM TARİHİ VE ZAMANI
Denetim Alanı 20181213155302.0
008 - SABİT-BOY VERİ ELEMANLARI - GENEL BİLGİLER
Sabit Uzunlukta Kontrol Alanı 180115b tu 000 0
020 ## - ULUSLARARASI STANDART KİTAP NUMARASI
Uluslararası Standart Kitap Numarası 9789759968670
040 ## - KATALOGLAMA KAYNAK
Orijinal Kataloglama Ajansı Milas
Kataloglama Dili tur
Metne Dönüştürmek Ajansı TR-AnCHP
041 ## - DİL KODU
Metin / Ses Parça Veya Ayrı Başlığın Dil Kodu tur
082 ## - DEWEY ONLU SINIFLANDIRMA NUMARASI
Sınıflandırma Numarası 909.049435
Ürün Numarası G29k 2016
090 ## - SINIFLAMA NUMARASI
Sınıflama Numarası 909.049435 G29k 2016
100 ## - ANA GİRİŞ - KİŞİSEL İSİM
Kişisel Ad Gazigil, İbrahim
245 ## - BAŞLIK TABLOSU
Başlık Karasevdam Türkiye
Başlığın Kalan Ahıska Türklerinin yeniden doğuşu 1829-1992
Sorumluluk Tablosu, Vb İbrahim Gazigil
246 ## - UNVAN FORM VARYING
Başlık Doğru / Kısa Başlığı Ahıska Türklerinin yeniden doğuşu 1829-1992
260 ## - YAYIN, DAĞITIM, VB
Yayın, Dağıtım, Vb Yeri İstanbul
Yayıncı, Dağıtıcı, Vs Adı Profil Yayıncılık
Yayın, Dağıtım, Vb Tarihi 2016
Üretici Firma Kayhan Matbaacılık
300 ## - FİZİKSEL TANIM
Kapsam 360 s.
Boyutlar 21 sm.
440 ## - SERİSİ TABLOSU / KATMA GİRİŞİ - BAŞLIK
Başlık Profil
Hacim / Ardışık Tanımı 552
490 ## - SERİSİ TABLOSU
Seri Beyanı Prestij kitaplar
Hacim / Ardışık Tanımı 33
650 ## - KONU KATMA GİRİŞ - TOPİKAL DÖNEM
Topikal Süreli Veya Coğrafi Ad Giriş Elemanı Türkler
Genel Alt Bölümü Ahıska
740 ## - KATMA GİRİŞ - KONTROLSUZ İLGİLİ / ANALİTİK BAŞLIK
Kontrol Edilmeyen / İlgili Analitik Başlıktaki Ahıska Türklerinin yeniden doğuşu 1829-1992
942 ## - EKLENDİ GİRİŞ ELEMANLARI (KOHA)
Sınıflandırma Veya Raf Düzeni Kaynak Dewey Decimal Classification
Koha Öğesi Türü Books
999 ## - SİSTEM KONTROL NUMARALARI (KOHA)
Koha Biblionumber 9938
Koha Biblioitemnumber 9938
Holdings
Kalıcı Konum Mevcut Konum Edinme Tarihi Edinim Kaynak Toplam Check-Out'Lar Tam Çağrı Numarası Barkod Tarih Son Görülme İtibaren Geçerli Fiyatlar Koha Öğesi Türü
CHP Kütüphanesi CHP Kütüphanesi 12/20/2017 Bağış   909.049435 G29k 2016 017740 12/20/2017 12/20/2017 Books